Εθνική Τράπεζα: ιστορική εξέλιξη, παρούσα κατάσταση, μελλοντικές προοπτικές : πτυχιακή εργασία
Αποθηκεύτηκε σε:
| Κύριος συγγραφέας: | |
|---|---|
| Συγγραφή απο Οργανισμό/Αρχή: | |
| Άλλοι συγγραφείς: | |
| Μορφή: | Thesis Βιβλίο |
| Γλώσσα: | Greek |
| Δημοσίευση: |
2004
|
| Θέματα: | |
| Διαθέσιμο Online: | http://hdl.handle.net/11610/6599 |
| Ετικέτες: |
Προσθήκη ετικέτας
Δεν υπάρχουν, Καταχωρήστε ετικέτα πρώτοι!
|
MARC
| LEADER | 00000cam a2200000 i 4500 | ||
|---|---|---|---|
| 001 | 1/78092 | ||
| 008 | 050607s2004 gre d | ||
| 035 | |l 10078414 | ||
| 040 | |a GR-MY-UA |b gre |e aacr | ||
| 041 | 0 | |a gre | |
| 082 | 0 | |a 332.109495 |2 (22) | |
| 100 | 1 | |a Βασιλάκης, Χρυσοβαλάντης. | |
| 245 | 1 | 0 | |a Εθνική Τράπεζα: ιστορική εξέλιξη, παρούσα κατάσταση, μελλοντικές προοπτικές : |b πτυχιακή εργασία / |c Βασιλάκης Χρυσοβαλάντης ; επιβλέπων καθηγητής Β. Αγγελής |
| 260 | |c 2004 | ||
| 300 | |a 206 σ.; |b διαγρ., πίν.; |c 30 εκ. | ||
| 502 | |a Πτυχιακή εργασία – Πανεπιστήμιο Αιγαίου, Χίος, 2004. | ||
| 504 | |a Περιλαμβάνει βιβλιογραφία | ||
| 610 | 2 | 0 | |a Εμπορική Τράπεζα της Ελλάδος. |
| 610 | 2 | 0 | |a Εθνική Τράπεζα της Ελλάδος. |
| 610 | 2 | 0 | |a Πανεπιστήμιο Αιγαίου. |
| 650 | 0 | 0 | |a Banks and banking |z Greece. |
| 650 | 0 | 0 | |a Dissertations, Academic |z Greece. |
| 700 | 1 | |a Αγγελής, Βασίλης. |4 ths | |
| 710 | 1 | |a Πανεπιστήμιο Αιγαίου |b Σχολή Επιστημών της Διοίκησης |b Τμήμα Διοίκησης Επιχειρήσεων - Τ.Δ.Ε. | |
| 852 | |a INST |b CHIOS |c DIATR |e 20050607 |h 332.109495 ΒΑΣ |p 005200025278 |q 005200025278 |t DIE |y 23 | ||
| 852 | |a INST |b CHIOS |c DIATR |e 20050607 |h 332.109495 ΒΑΣ |p 005200025279 |q 005200025279 |t DIE |y 23 | ||
| 856 | |u http://hdl.handle.net/11610/6599 | ||
| 901 | |a BIBL2-2005-2 | ||
| 909 | |a Χ |b 119092 | ||
| 909 | |a Χ |b 119091 | ||
| 924 | |a ΒΑΣΙΛΑΚΗΣ |b ΧΡΥΣΟΒΑΛΑΝΤΗΣ |y ΧΙΟΣ |z 2004-09 | ||
| 970 | |a ΒΑΣΙΛΑΚΗ |b ΝΙΚΗ |z 2005/06/07 | ||